| 000 | 00515nmm a2200145Ia 4500 | ||
|---|---|---|---|
| 008 | 251105s9999||||xx |||||||||||||||||und|| | ||
| 041 | _aspa | ||
| 100 | _aRueda Enciso, José Eduardo | ||
| 245 | 0 | _aCampos de Dios y campos del hombre: Actividades económicas y políticas de los jesuitas en el Casanare | |
| 264 |
_a[Bogotá, Colombia] : _bUniversidad del Rosario, _c2018 |
||
| 300 | _a567 páginas | ||
| 650 | _aEconomics and Business | ||
| 856 | _uhttps://public.digitaliapublishing.com/a/59755 | ||
| 942 | _cCF | ||
| 999 |
_c106601 _d106601 |
||